<?xml version="1.0" encoding="UTF-8"?>
<record
    xmlns:xsi="http://www.w3.org/2001/XMLSchema-instance"
    xsi:schemaLocation="http://www.loc.gov/MARC21/slim http://www.loc.gov/standards/marcxml/schema/MARC21slim.xsd"
    xmlns="http://www.loc.gov/MARC21/slim">

  <leader>02160cam a22003735i 4500</leader>
  <datafield tag="999" ind1=" " ind2=" ">
    <subfield code="c">27661</subfield>
    <subfield code="d">27632</subfield>
  </datafield>
  <controlfield tag="001">013527274</controlfield>
  <controlfield tag="003">EG-ScBUE</controlfield>
  <controlfield tag="005">20191001125159.0</controlfield>
  <controlfield tag="008">060324s2006    nyu    f b    001 0 eng d</controlfield>
  <datafield tag="020" ind1=" " ind2=" ">
    <subfield code="a">9780805079760 (hbk.)</subfield>
  </datafield>
  <datafield tag="020" ind1=" " ind2=" ">
    <subfield code="a">0805079769 (hbk.)</subfield>
  </datafield>
  <datafield tag="040" ind1=" " ind2=" ">
    <subfield code="a">StDuBDS</subfield>
    <subfield code="b">eng</subfield>
    <subfield code="e">rda</subfield>
    <subfield code="c">StDuBDS</subfield>
    <subfield code="d">Uk</subfield>
    <subfield code="d">EG-ScBUE</subfield>
  </datafield>
  <datafield tag="043" ind1=" " ind2=" ">
    <subfield code="a">a-ir---</subfield>
  </datafield>
  <datafield tag="082" ind1="0" ind2="4">
    <subfield code="a">327.55</subfield>
    <subfield code="b">TAK</subfield>
    <subfield code="2">22</subfield>
  </datafield>
  <datafield tag="100" ind1="1" ind2=" ">
    <subfield code="a">Takeyh, Ray,</subfield>
    <subfield code="d">1966-</subfield>
    <subfield code="e">author.</subfield>
    <subfield code="9">11016</subfield>
  </datafield>
  <datafield tag="245" ind1="1" ind2="0">
    <subfield code="a">Hidden Iran :</subfield>
    <subfield code="b">paradox and power in the Islamic Republic /</subfield>
    <subfield code="c">Ray Takeyh.</subfield>
  </datafield>
  <datafield tag="250" ind1=" " ind2=" ">
    <subfield code="a">First edition.</subfield>
  </datafield>
  <datafield tag="264" ind1=" " ind2="1">
    <subfield code="a">New York :</subfield>
    <subfield code="b">Times Books,</subfield>
    <subfield code="c">2006.</subfield>
  </datafield>
  <datafield tag="300" ind1=" " ind2=" ">
    <subfield code="a">259 pages ;</subfield>
    <subfield code="c">25 cm</subfield>
  </datafield>
  <datafield tag="336" ind1=" " ind2=" ">
    <subfield code="a">text</subfield>
    <subfield code="b">txt</subfield>
    <subfield code="2">rdacontent</subfield>
  </datafield>
  <datafield tag="337" ind1=" " ind2=" ">
    <subfield code="a">unmediated</subfield>
    <subfield code="b">n</subfield>
    <subfield code="2">rdamedia</subfield>
  </datafield>
  <datafield tag="338" ind1=" " ind2=" ">
    <subfield code="a">volume</subfield>
    <subfield code="b">nc</subfield>
    <subfield code="2">rdacarrier</subfield>
  </datafield>
  <datafield tag="500" ind1=" " ind2=" ">
    <subfield code="a">"A Council on Foreign Relations book."-- title page.</subfield>
  </datafield>
  <datafield tag="504" ind1=" " ind2=" ">
    <subfield code="a">Includes bibliographical references and index.</subfield>
  </datafield>
  <datafield tag="520" ind1=" " ind2=" ">
    <subfield code="a">"In Hidden Iran, Ray Takeyh has written a book that reveals how the underappreciated domestic political rivalries within Iran serve to explain the country's behavior on the world stage. A leading expert on Iran's politics and history, Takeyh shows why this country has so often confounded American expectations and inspired a long series of misguided U.S. policies that continue to this day. And yet there is a hidden Iran beyond what we see on the news or hear about from American politicians, one in which political factions jockey for power and influence, politicians fall out of favor only to emerge a few years later, and the hard-liners, the pragmatists, and the reformers tend to counterbalance one another in the government."--Jacket.</subfield>
  </datafield>
  <datafield tag="651" ind1=" " ind2="7">
    <subfield code="a">Iran</subfield>
    <subfield code="x">Politics and government</subfield>
    <subfield code="y">1979-1997.</subfield>
    <subfield code="2">BUEsh</subfield>
  </datafield>
  <datafield tag="651" ind1=" " ind2="7">
    <subfield code="a">Iran</subfield>
    <subfield code="x">Politics and government</subfield>
    <subfield code="y">1997-</subfield>
    <subfield code="2">BUEsh</subfield>
  </datafield>
  <datafield tag="651" ind1=" " ind2="7">
    <subfield code="a">Iran</subfield>
    <subfield code="x">Foreign relations</subfield>
    <subfield code="y">1979-1997.</subfield>
    <subfield code="2">BUEsh</subfield>
    <subfield code="9">11017</subfield>
  </datafield>
  <datafield tag="651" ind1=" " ind2="7">
    <subfield code="a">Iran</subfield>
    <subfield code="x">Foreign relations</subfield>
    <subfield code="y">1997-</subfield>
    <subfield code="2">BUEsh</subfield>
    <subfield code="9">11018</subfield>
  </datafield>
  <datafield tag="653" ind1=" " ind2=" ">
    <subfield code="b">MASPPSS</subfield>
    <subfield code="c">October2019</subfield>
  </datafield>
  <datafield tag="856" ind1="4" ind2="2">
    <subfield code="3">Contributor biographical information</subfield>
    <subfield code="u">http://www.loc.gov/catdir/enhancements/fy0643/2006043981-b.html</subfield>
  </datafield>
  <datafield tag="856" ind1="4" ind2="2">
    <subfield code="3">Publisher description</subfield>
    <subfield code="u">http://www.loc.gov/catdir/enhancements/fy0643/2006043981-d.html</subfield>
  </datafield>
  <datafield tag="942" ind1=" " ind2=" ">
    <subfield code="2">ddc</subfield>
    <subfield code="c">BB</subfield>
  </datafield>
  <datafield tag="952" ind1=" " ind2=" ">
    <subfield code="0">0</subfield>
    <subfield code="1">0</subfield>
    <subfield code="2">ddc</subfield>
    <subfield code="4">0</subfield>
    <subfield code="7">0</subfield>
    <subfield code="8">Baccah</subfield>
    <subfield code="a">MAIN</subfield>
    <subfield code="b">MAIN</subfield>
    <subfield code="c">1ST</subfield>
    <subfield code="d">2019-10-01</subfield>
    <subfield code="e">Purchase</subfield>
    <subfield code="g">670.00</subfield>
    <subfield code="l">1</subfield>
    <subfield code="m">31</subfield>
    <subfield code="o">327.55 TAK</subfield>
    <subfield code="p">000048082</subfield>
    <subfield code="r">2025-07-15 00:00:00</subfield>
    <subfield code="s">2021-11-13</subfield>
    <subfield code="v">837.50</subfield>
    <subfield code="w">2019-10-01</subfield>
    <subfield code="y">BB</subfield>
  </datafield>
</record>
